000 00749nam a2200289Ia 4500
005 20260324115554.0
008 008 260324s9999 xx 000 0 eng d
020 _a9781315120973
037 _aEBOOK
040 _aCRL
040 _beng
040 _cCRL
041 _2eng
041 _aeng
084 _qCRL
100 _aUrban Kjellen; Eirik Albrechtsen
_91155186
245 0 _aPrevention of Accidents and Unwanted Occurrences
245 0 _bTheory, Methods, and Tools in Safety Management, Second Edition
260 _bTaylor and Francis
260 _c2017
365 _a
365 _b320
856 _uhttp://www.taylorfrancis.com/books/9781315120973
942 _cEBOOK
999 _c1746153
_d1746153